| 000 | 00528nam a22001937a 4500 | ||
|---|---|---|---|
| 003 | OSt | ||
| 005 | 20180116183041.0 | ||
| 008 | 160222b xxu||||| |||| 00| 0 eng d | ||
| 020 | _a05-760-2014-1 | ||
| 040 | _c0 | ||
| 050 | _a174.4 | ||
| 082 | _a174.4 LUM 2014 | ||
| 100 | _aMalik,Abdur Rehman. | ||
| 245 |
_aLahore Ring Road Police-Introduction of Variable Incentive Plan. _bCase Studies. _cDr.Abdur Rahman Malik. |
||
| 260 |
_aLahore _bLUMS _c2014. |
||
| 300 | _a17p. | ||
| 500 | _aPaper Cover | ||
| 942 |
_2ddc _cCS _k174.4 |
||
| 999 |
_c351226 _d351226 |
||